000 00902nmc a2200313 a 4500
003 AR-BaBNM
005 20251128205752.0
008 168019s1997 ||||||||||||||000 | spa||
020 _a84-344-2608-0
040 _cAR-BaBNM
100 1 _aTeixidó Planas, Martí
245 1 0 _aSupervisión del sistema educativo
250 _a1ª ed.
260 _aBarcelona
_bEditorial Ariel
_c1997
300 0 _a235 p.
_bgráfs.
490 0 _aAriel Educación
500 0 _aAnexo: la Inspección de educación en el sistema educativo español: p. 205-224
504 _aBibliografía: p.225-227
650 4 _aINSPECCION DE ESCUELAS
650 4 _aINSPECTORES
650 4 _aSUPERVISION DE LOS DOCENTES
650 4 _aPLANIFICACION DE LA EDUCACION
650 4 _aDOCENTES
651 4 _aEspaña
653 0 _aSISTEMA EDUCATIVO
653 0 _aSUPERVISION DE ESCUELAS
942 _cBK
998 _carturo
999 _c12741
_d12741